[Event "Mistrzostwa Polski Juniorow do lat 16 - Chlopcy"]
[Site "Ustron – Jaszowiec"]
[Date "1899-12-30"]
[Round "5.19"]
[White "Radecki, Adam"]
[Black "Filewicz, Radoslaw"]
[Result "0-1"]
[WhiteTitle "I"]
[BlackTitle "I"]
[WhiteElo "1712"]
[BlackElo "1850"]

1. e4 c5 2. Nf3 e6 3. c3 d5 4. exd5 Qxd5 5. d4 cxd4 6. cxd4 Nf6 7. Be2 Be7 8. Nc3
Qd8 9. O-O O-O 10. Ne5 Nbd7 11. Be3 Nb6 12. Bf3 Nbd5 13. Bg5 Nxc3 14. bxc3 Nd7
15. Bxe7 Qxe7 16. Re1 Nxe5 17. Rxe5 Qc7 18. Qb3 Rb8 19. Rc5 Qd6 20. Ra5 a6 21.
Rb1 b5 22. Ra3 Bb7 23. Bxb7 Rxb7 24. Qb4 Qc6 25. Ra5 Rc7 26. Ra3 Rfc8 27. g3 h5
28. Re1 h4 29. d5 Qxd5 30. Qxh4 Rxc3 31. Rxa6 Rc1 32. Qb4 R8c4 33. Qa5 R4c3 34.
Rf1 Rxf1+ 35. Kxf1 Qh1+ 36. Ke2 Qf3+ 37. Ke1 Rc1+ 38. Kd2 Rd1+ 0-1

[Event "Mistrzostwa Polski Juniorow do lat 16 - Chlopcy"]
[Site "Ustron – Jaszowiec"]
[Date "1899-12-30"]
[Round "5.20"]
[White "Sloniewski, Michal"]
[Black "Mietkiewicz, Jacek"]
[Result "1/2-1/2"]
[WhiteTitle "I"]
[BlackTitle "I"]
[WhiteElo "1679"]
[BlackElo "1845"]

1. d4 e6 2. c4 d5 3. cxd5 exd5 4. Nc3 c5 5. Nf3 Nc6 6. Bg5 Be7 7. Bxe7 Ngxe7 8.
e3 cxd4 9. Nxd4 O-O 10. Be2 Qb6 11. Nb3 Be6 12. O-O Rfd8 13. Na4 Qc7 14. Nac5
Bf5 15. Rc1 b6 16. Nd3 Qd6 17. Ne1 Be4 18. Bd3 Qg6 19. f3 Bf5 20. Qe2 Rd6 21.
Bxf5 Nxf5 22. e4 Nfd4 23. Nxd4 Nxd4 24. Qe3 dxe4 25. fxe4 Nc6 26. Nf3 Rad8 27.
Rxc6 Rxc6 28. Ne5 Qe6 29. Nxc6 Qxc6 30. Rc1 Qd7 31. Qc3 Re8 32. Kf2 Rxe4 33. Qc8+
Qe8 34. Rc7 g5 35. Qxe8+ Rxe8 36. Rxa7 Rc8 37. b3 Kg7 38. Ra6 h5 39. a4 Rc2+ 40.
Kf1 Rc6 41. b4 Rc1+ 42. Kf2 Rc2+ 43. Kf1 Rc1+ 44. Kf2 1/2-1/2

[Event "Mistrzostwa Polski Juniorow do lat 16 - Chlopcy"]
[Site "Ustron – Jaszowiec"]
[Date "1899-12-30"]
[Round "6.1"]
[White "Pultorak, Jan"]
[Black "Gumularz, Szymon"]
[Result "0-1"]
[WhiteTitle "FM"]
[BlackTitle "I++"]
[WhiteElo "2302"]
[BlackElo "2394"]

1. d4 g6 2. e4 Bg7 3. Nc3 d6 4. f4 Nf6 5. Nf3 O-O 6. e5 Nfd7 7. Bc4 Nb6 8. Bd3
Nc6 9. Be3 Nb4 10. Be2 Bf5 11. Rc1 dxe5 12. fxe5 f6 13. a3 N4d5 14. Nxd5 Nxd5
15. Qd2 c6 16. Bf2 fxe5 17. dxe5 Bg4 18. Bd4 Nf4 19. Bc4+ e6 20. O-O b5 21. Be3
Qxd2 22. Nxd2 Bh6 23. Kh1 bxc4 24. g3 Ne2 25. Bxh6 Nxc1 26. Bxf8 Rxf8 27. Rxc1
Rf2 28. Nxc4 Bf3+ 29. Kg1 Rg2+ 30. Kf1 Rxh2 31. Ke1 g5 32. b4 h5 33. Nd2 Bg4 34.
c4 Re2+ 35. Kd1 h4 36. gxh4 gxh4 37. Kc2 Bf5+ 38. Kc3 Re3+ 39. Kb2 Kf7 40. c5
h3 41. Nc4 Re2+ 42. Kb3 Bc2+ 43. Kc3 a6 44. Nd6+ Ke7 45. a4 h2 46. Rh1 Kd7 47.
Kd4 Bg6 48. b5 cxb5 49. axb5 axb5 50. Ra1 Ra2 51. Rc1 Ra4+ 52. Ke3 Kc6 53. Nc8
Be4 54. Na7+ Kb7 55. c6+ Kxa7 56. c7 Bb7 0-1

[Event "Mistrzostwa Polski Juniorow do lat 16 - Chlopcy"]
[Site "Ustron – Jaszowiec"]
[Date "1899-12-30"]
[Round "6.2"]
[White "Chylewski, Patryk"]
[Black "Lis, Mateusz"]
[Result "1/2-1/2"]
[WhiteTitle "k++"]
[BlackTitle "I+"]
[WhiteElo "2293"]
[BlackElo "2022"]

1. e4 c5 2. Nf3 e6 3. d4 cxd4 4. Nxd4 a6 5. Bd3 Nf6 6. Qe2 d6 7. O-O Qc7 8. c4
Nbd7 9. Nc3 b6 10. Be3 Bb7 11. Rac1 Be7 12. f4 g6 13. b4 Rc8 14. h3 Qb8 15. Nb3
Qa8 16. Nd2 Nh5 17. Qf2 f5 18. g4 Nhf6 19. exf5 gxf5 20. g5 h5 21. gxf6 Rg8+ 22.
Kh2 Nxf6 23. Rg1 Ng4+ 24. hxg4 hxg4 25. Rg2 g3+ 26. Rxg3 Rxg3 27. Qxg3 Kf7 28.
Bd4 Rg8 29. Qh3 Rg2+ 30. Qxg2 Bxg2 31. Rg1 e5 32. fxe5 dxe5 33. Bxe5 Qc6 34. Bf4
Bd6 35. Bxd6 Qxd6+ 36. Kxg2 Qxd3 37. Ndb1 f4 38. Kh2 Qd4 39. Rf1 Qh8+ 40. Kg2
Qg7+ 41. Kf3 Qg3+ 42. Ke2 Qe3+ 43. Kd1 Qd3+ 44. Ke1 Qe3+ 45. Kd1 Qd3+ 46. Ke1
1/2-1/2

[Event "Mistrzostwa Polski Juniorow do lat 16 - Chlopcy"]
[Site "Ustron – Jaszowiec"]
[Date "1899-12-30"]
[Round "6.3"]
[White "Kosakowski, Jakub"]
[Black "Woloch, Oskar"]
[Result "1-0"]
[WhiteTitle "k+"]
[BlackTitle "k"]
[WhiteElo "2376"]
[BlackElo "2235"]

1. e4 e5 2. Nf3 Nc6 3. Bb5 a6 4. Ba4 Nf6 5. O-O Be7 6. Re1 b5 7. Bb3 d6 8. c3 O-O
9. h3 Nb8 10. d4 Nbd7 11. Nbd2 Bb7 12. Bc2 Re8 13. a4 c5 14. d5 c4 15. b3 cxb3
16. Nxb3 Qc7 17. Bd3 bxa4 18. Rxa4 Nb6 19. Ra3 Nfd7 20. Na5 Nc5 21. Be3 Nbd7 22.
Bc2 Rab8 23. Nxb7 Rxb7 24. Nd2 Ra8 25. Nc4 Rb5 26. Qe2 Rc8 27. Rea1 Nb8 28. Na5
Bd8 29. c4 Rb2 30. Bc1 Rb6 31. Ba4 Rb4 32. Bd1 Qa7 33. Qg4 Ncd7 34. Nc6 Nxc6 35.
Rxa6 Qc7 36. Rxc6 Qb7 37. Bh6 g6 38. Rxd6 Nf6 39. Qh4 Qe7 40. Rxd8+ Rxd8 41. Ra7
1-0

[Event "Mistrzostwa Polski Juniorow do lat 16 - Chlopcy"]
[Site "Ustron – Jaszowiec"]
[Date "1899-12-30"]
[Round "6.4"]
[White "Pacan-milej, Kosma"]
[Black "Hrymowicz, Artur"]
[Result "1/2-1/2"]
[WhiteTitle "FM"]
[BlackTitle "I+"]
[WhiteElo "2303"]
[BlackElo "1982"]

1. d4 Nf6 2. c4 b6 3. Nc3 Bb7 4. Qc2 d5 5. cxd5 Nxd5 6. Nf3 Nxc3 7. bxc3 g6 8.
e4 Bg7 9. Bb5+ Nd7 10. O-O O-O 11. Bg5 a6 12. Bd3 h6 13. Bh4 c5 14. d5 b5 15.
Rab1 c4 16. Bxc4 Rc8 17. Bb3 Rxc3 18. Qe2 Ne5 19. Nxe5 Bxe5 20. Rfc1 Qd6 21. Rxc3
Bxc3 22. Qe3 Bg7 23. Bg3 Qb4 24. h3 Qd4 25. Qxd4 Bxd4 26. Rd1 Bb6 27. d6 exd6
28. Rxd6 Bc7 29. Rxg6+ Kh7 30. Rf6 Bxg3 31. fxg3 Bxe4 32. Rxa6 Kg7 33. Ra7 Kg6
34. Re7 f5 35. g4 Bd3 36. Rd7 Bb1 37. Rd1 Be4 38. Rd4 Re8 39. gxf5+ Kxf5 40. Bd5
Bb1 41. Rd2 Re3 42. Kf2 Rc3 43. Bb3 Be4 44. Rd6 h5 45. Rh6 Kg5 46. Rb6 Bd3 47.
Re6 Bc4 48. Rc6 Rd3 49. Rc5+ Kh6 50. Bxc4 bxc4 51. a4 c3 52. a5 Rd2+ 53. Kf3 c2
54. Rc6+ Kg5 55. Rc5+ Kg6 56. Rc6+ Kg5 57. a6 Rd6 58. h4+ Kxh4 59. Rc4+ Kg5 60.
a7 Ra6 1/2-1/2

[Event "Mistrzostwa Polski Juniorow do lat 16 - Chlopcy"]
[Site "Ustron – Jaszowiec"]
[Date "1899-12-30"]
[Round "6.5"]
[White "Szpar, Milosz"]
[Black "Kowalski, Igor"]
[Result "1-0"]
[WhiteTitle "k"]
[BlackTitle "k+"]
[WhiteElo "2237"]
[BlackElo "2231"]

1. e4 e5 2. Nf3 Nc6 3. Bb5 a6 4. Ba4 Nf6 5. d3 b5 6. Bb3 Be7 7. a4 Bb7 8. O-O d6
9. axb5 axb5 10. Rxa8 Qxa8 11. Na3 b4 12. Nc4 O-O 13. Bd2 Nd7 14. Ne3 Nc5 15.
Bd5 Qa4 16. Nf5 Bd8 17. b3 Qa3 18. Ng5 Bxg5 19. Bxg5 Nd4 20. Nxd4 exd4 21. Bxb7
Nxb7 22. Qg4 Kh8 23. Be7 Ra8 24. Qf5 f6 25. Qd5 Qa7 26. f4 Nc5 27. e5 Qb7 28.
Qf7 fxe5 29. fxe5 Qc8 30. exd6 c6 31. Qc4 Ne6 32. Qxb4 Qd7 33. Qe1 Kg8 34. Qf2
Qe8 35. Qf5 Qg6 36. d7 Qxf5 37. Rxf5 h6 38. d8=Q+ Nxd8 39. Rf8+ Kh7 40. Rxd8 Ra1+
41. Kf2 Rc1 42. Rxd4 Rxc2+ 43. Kf3 Rc3 44. b4 1-0

[Event "Mistrzostwa Polski Juniorow do lat 16 - Chlopcy"]
[Site "Ustron – Jaszowiec"]
[Date "1899-12-30"]
[Round "6.6"]
[White "Raczynski, Krzysztof"]
[Black "Psyk, Radoslaw"]
[Result "1-0"]
[WhiteTitle "k"]
[BlackTitle "k"]
[WhiteElo "2116"]
[BlackElo "2160"]

1. e4 Nf6 2. e5 Nd5 3. d4 d6 4. c4 Nb6 5. exd6 exd6 6. Nc3 Be7 7. Bd3 O-O 8. Nge2
Na6 9. O-O c6 10. Be3 Nb4 11. b3 d5 12. c5 Nd7 13. Bb1 Re8 14. a3 Na6 15. b4 Nc7
16. b5 Bf6 17. Bd3 Ne6 18. Qa4 Qc7 19. Rab1 g6 20. Rfc1 Bg7 21. g3 Nf6 22. Nf4
Bd7 23. Nxe6 Bxe6 24. Bf4 Qd7 25. bxc6 bxc6 26. Ba6 Nh5 27. Bd6 Bh3 28. Bb7 Rac8
29. Bxc8 Rxc8 30. Nxd5 cxd5 31. Qxd7 Bxd7 32. c6 Bxc6 33. Rxc6 Rxc6 34. Rb8+ Bf8
35. Bxf8 h6 36. Bxh6+ Kh7 37. Bd2 Kg7 38. Rd8 Nf6 39. Bf4 Ra6 40. Be5 Kh7 41.
a4 Ng8 42. Rxd5 Rxa4 43. Rd7 Nh6 44. h4 Ra1+ 45. Kg2 a5 46. Rd8 Ng8 47. Rf8 f6
48. Bxf6 Nxf6 49. Rxf6 a4 50. Ra6 a3 51. Ra7+ Kg8 52. d5 a2 53. d6 Kf8 54. Kf3
Ke8 55. Kg4 Rd1 56. Rxa2 Rxd6 57. Ra7 Kf8 58. f4 Rd5 59. Rb7 Kg8 60. Re7 Rd3 61.
Re5 Kg7 62. h5 gxh5+ 63. Rxh5 Ra3 64. Rb5 Kf6 65. Rb6+ Kf7 66. f5 Kg7 67. Kf4
Kf7 68. g4 Kf8 69. Rb7 Kg8 70. Kg5 Kh8 71. Kg6 Ra8 72. f6 Rg8+ 73. Kf5 Ra8 74.
g5 Rc8 75. Kg6 Rg8+ 76. Kh6 Rf8 77. g6 Rf7 78. Rb8+ 1-0

[Event "Mistrzostwa Polski Juniorow do lat 16 - Chlopcy"]
[Site "Ustron – Jaszowiec"]
[Date "1899-12-30"]
[Round "6.7"]
[White "Fus, Jakub"]
[Black "Kozak, Antoni"]
[Result "1/2-1/2"]
[WhiteTitle "I++"]
[BlackTitle "k"]
[WhiteElo "2054"]
[BlackElo "2127"]

1. d4 Nf6 2. c4 e6 3. Nf3 c5 4. d5 exd5 5. cxd5 d6 6. Nc3 g6 7. h3 Bg7 8. e4 O-O
9. Bd3 b5 10. Nxb5 Re8 11. O-O Nxe4 12. Re1 Nf6 13. Rxe8+ Nxe8 14. Bg5 Nf6 15.
Qd2 a6 16. Nc3 Nbd7 17. Re1 Bb7 18. Qf4 Qf8 19. Qa4 Rb8 20. Qa5 Qd8 21. Qxd8+
Rxd8 22. Bc4 Re8 23. Rd1 Nb6 24. b3 Nfd7 25. Rc1 Bxc3 26. Rxc3 Bxd5 27. Bxd5 Nxd5
28. Rd3 N7b6 29. a4 Re6 30. Bd2 Nb4 31. Bxb4 cxb4 32. a5 Nd7 33. Rd4 Ne5 34. Rxb4
Nxf3+ 35. gxf3 Re5 36. Rb8+ Kg7 37. b4 Re1+ 38. Kg2 Rb1 39. Rd8 Rd1 40. Ra8 Rd4
41. Rxa6 Rxb4 42. Rxd6 Ra4 43. a6 h5 44. Rb6 Kh6 45. Rc6 1/2-1/2

[Event "Mistrzostwa Polski Juniorow do lat 16 - Chlopcy"]
[Site "Ustron – Jaszowiec"]
[Date "1899-12-30"]
[Round "6.8"]
[White "Lukasiewicz, Krzysztof"]
[Black "Kawalko, Adam"]
[Result "1-0"]
[WhiteTitle "k"]
[BlackTitle "I"]
[WhiteElo "2123"]
[BlackElo "1814"]

1. e4 c5 2. Nf3 d6 3. d4 cxd4 4. Nxd4 Nf6 5. Nc3 a6 6. Bc4 e6 7. Bb3 b5 8. O-O
b4 9. Na4 Nxe4 10. f4 Be7 11. f5 e5 12. Bd5 Ra7 13. Bxe4 d5 14. Ne6 Bxe6 15. fxe6
dxe4 16. exf7+ Kf8 17. Qe2 Qa5 18. Be3 Rb7 19. Qg4 Nd7 20. Qxe4 Rb8 21. b3 Nf6
22. Qc4 Qb5 23. Qe6 Qd5 24. Rxf6 1-0

[Event "Mistrzostwa Polski Juniorow do lat 16 - Chlopcy"]
[Site "Ustron – Jaszowiec"]
[Date "1899-12-30"]
[Round "6.9"]
[White "Ochowicz, Jakub"]
[Black "Nowak, Mikolaj"]
[Result "1/2-1/2"]
[WhiteTitle "I++"]
[BlackTitle "I++"]
[WhiteElo "1874"]
[BlackElo "2240"]

1. e4 c6 2. d4 d5 3. Nc3 dxe4 4. Nxe4 Bf5 5. Ng3 Bg6 6. Nf3 Nd7 7. Bd3 Ngf6 8.
h4 e6 9. h5 Bxd3 10. Qxd3 h6 11. Bd2 Be7 12. O-O-O O-O 13. Ne4 Nxe4 14. Qxe4 Nf6
15. Qe2 Qd5 16. Kb1 Qe4 17. Qxe4 Nxe4 18. Be3 f5 19. Nd2 Nf6 20. f3 b5 21. Nb3
a5 22. Nc1 Nd5 23. Rde1 a4 24. Bd2 Kf7 25. Nd3 Bf6 26. Bb4 Nxb4 27. Nxb4 Rac8
28. c3 c5 29. dxc5 Rxc5 30. a3 Rd8 31. Kc2 Bg5 32. Re2 Rc4 33. g3 Be7 34. Nd3
Bd6 35. Ne5+ Bxe5 36. Rxe5 Rb8 37. Kd3 Rd8+ 38. Kc2 Rb8 39. Kd3 Rc6 40. Rd1 Kf6
41. f4 g6 42. hxg6 Rd6+ 43. Ke2 Rxd1 44. Kxd1 Rd8+ 45. Ke2 Rd5 46. Re3 Rd6 47.
Re5 Rd5 48. Re3 Ke5 1/2-1/2

[Event "Mistrzostwa Polski Juniorow do lat 16 - Chlopcy"]
[Site "Ustron – Jaszowiec"]
[Date "1899-12-30"]
[Round "6.10"]
[White "Sernecki, Franciszek"]
[Black "Godzwon, Iwo"]
[Result "1/2-1/2"]
[WhiteTitle "I"]
[BlackTitle "k"]
[WhiteElo "2151"]
[BlackElo "2022"]

1. d4 Nf6 2. Nf3 g6 3. c4 Bg7 4. Nc3 d5 5. cxd5 Nxd5 6. e4 Nxc3 7. bxc3 O-O 8.
Be2 c5 9. Rb1 b6 10. O-O cxd4 11. cxd4 Bb7 12. Qd3 Nd7 13. Bf4 Nf6 14. d5 Qd7
15. Nd2 Rfc8 16. Qb3 e6 17. Bb5 Qe7 18. d6 Qd8 19. Rfe1 Nh5 20. Qf3 Nxf4 21. d7
Rc7 22. Qxf4 a6 23. Be2 Rxd7 24. Red1 Bd4 25. Nf3 Bg7 26. Rxd7 Qxd7 27. Rxb6 Rd8
28. h4 Rf8 29. g3 Bc8 30. Bxa6 Bxa6 31. Rxa6 Qb7 32. Ra3 Rd8 33. Rb3 Qa7 34. Qc1
Qxa2 35. Qb1 Qxb1+ 36. Rxb1 h6 37. Kf1 Bf6 38. Rb7 Kf8 39. Ke2 Ra8 40. Rd7 Ra2+
41. Rd2 Ra4 42. Ke3 Be7 1/2-1/2

[Event "Mistrzostwa Polski Juniorow do lat 16 - Chlopcy"]
[Site "Ustron – Jaszowiec"]
[Date "1899-12-30"]
[Round "6.11"]
[White "Garbowski, Jakub"]
[Black "Brozyna, Mateusz"]
[Result "1/2-1/2"]
[WhiteTitle "k"]
[BlackTitle "I"]
[WhiteElo "2103"]
[BlackElo "2009"]

1. e4 c5 2. Nf3 e6 3. d4 cxd4 4. Nxd4 Nf6 5. Nc3 d6 6. g4 e5 7. Bb5+ Bd7 8. Bxd7+
Qxd7 9. Nf5 h5 10. Bg5 Nh7 11. f4 g6 12. Ne3 Nxg5 13. fxg5 Nc6 14. Ncd5 Be7 15.
h4 O-O-O 16. Kf2 Rdf8 17. Kg3 f6 18. gxf6 Bxf6 19. g5 Bd8 20. Rf1 Nd4 21. Qd3
Ne6 22. Rxf8 Rxf8 23. Rf1 Nc5 24. Rxf8 Nxd3 25. cxd3 Qe6 26. b3 Kd7 27. Nf6+ Bxf6
28. Rxf6 Qe8 29. Nc4 Qc8 30. Rxg6 Ke7 31. Ne3 Qc1 32. Nf5+ Ke8 33. Re6+ Kd7 34.
Rxd6+ Kc7 35. g6 Qg1+ 36. Kf3 Qf1+ 37. Ke3 Qe1+ 38. Kf3 Qf1+ 39. Ke3 Qe1+ 40.
Kf3 Qf1+ 41. Ke3 1/2-1/2

[Event "Mistrzostwa Polski Juniorow do lat 16 - Chlopcy"]
[Site "Ustron – Jaszowiec"]
[Date "1899-12-30"]
[Round "6.12"]
[White "Wierzbicki, Michal"]
[Black "Kokoszczynski, Jan"]
[Result "0-1"]
[WhiteTitle "I"]
[BlackTitle "k"]
[WhiteElo "1828"]
[BlackElo "2072"]

1. d4 Nf6 2. Nf3 e6 3. c4 b6 4. a3 Bb7 5. Nc3 d5 6. cxd5 Nxd5 7. Qc2 Nxc3 8. bxc3
Be7 9. e4 O-O 10. Bd3 c5 11. O-O h6 12. Bb2 Nc6 13. Rfd1 Na5 14. Qe2 Qc7 15. Bc2
Rad8 16. Rac1 Qc8 17. e5 Qa8 18. Nd2 cxd4 19. cxd4 Bd5 20. Qd3 g6 21. Qg3 Kg7
22. f4 Kh7 23. Rf1 Rc8 24. Qh3 Kg7 25. g4 Qb7 26. Qd3 Nc4 27. Bc3 Nxa3 28. f5
Bg5 29. Bb4 Nxc2 30. Bxf8+ Kxf8 31. Rxc2 Rxc2 32. Qxc2 Be3+ 33. Rf2 gxf5 34. gxf5
Bxd4 35. f6 Qc6 36. Qh7 Qc1+ 37. Nf1 Bxf2+ 38. Kxf2 Qf4+ 39. Kg1 Qd4+ 0-1

[Event "Mistrzostwa Polski Juniorow do lat 16 - Chlopcy"]
[Site "Ustron – Jaszowiec"]
[Date "1899-12-30"]
[Round "6.13"]
[White "Wyczling, Bartosz"]
[Black "Jarzebowski, Kacper"]
[Result "1-0"]
[WhiteTitle "I+"]
[BlackTitle "I++"]
[WhiteElo "1963"]
[BlackElo "1820"]

1. d4 Nf6 2. c4 d6 3. Nc3 e5 4. d5 g6 5. e4 Bg7 6. f3 O-O 7. Be3 Nh5 8. Nge2 f5
9. Qd2 a6 10. c5 Qe8 11. O-O-O Nd7 12. cxd6 cxd6 13. Kb1 b5 14. Nc1 Ndf6 15. Bd3
Bd7 16. Rhg1 fxe4 17. Nxe4 Nxe4 18. Bxe4 a5 19. Nd3 Qb8 20. g4 Nf6 21. h4 Rc8
22. h5 Nxe4 23. fxe4 Rc4 24. hxg6 hxg6 25. Qh2 Rxe4 26. Rh1 Rxg4 27. Qh7+ Kf7
28. Rdf1+ Rf4 29. Bxf4 exf4 30. Rxf4+ Bf5 31. Rxf5+ gxf5 32. Qxf5+ Ke7 33. Qe6+
Kd8 34. Qg8+ Kc7 35. Qxg7+ Kb6 36. Rc1 1-0

[Event "Mistrzostwa Polski Juniorow do lat 16 - Chlopcy"]
[Site "Ustron – Jaszowiec"]
[Date "1899-12-30"]
[Round "6.14"]
[White "Kukorowski, Jan"]
[Black "Pytel, Maciej"]
[Result "0-1"]
[WhiteTitle "I"]
[BlackTitle "I"]
[WhiteElo "1709"]
[BlackElo "1905"]

1. e4 c5 2. Nf3 e6 3. d4 cxd4 4. Nxd4 a6 5. Bd3 Nc6 6. Nxc6 dxc6 7. O-O Bc5 8.
e5 Ne7 9. Qe2 O-O 10. Bg5 Qc7 11. Qe4 Ng6 12. b4 Ba7 13. Re1 Qxe5 14. Qxe5 Nxe5
15. Rxe5 Bd4 16. Re2 Bxa1 17. c3 e5 18. a3 Be6 19. Re1 f6 20. Bd2 Rfd8 21. Bc2
Rd7 22. Re3 Rad8 23. Be1 Bf7 24. Kf1 Bb2 25. f3 Kf8 26. Kf2 Bc1 27. Re2 Bf4 28.
a4 b5 29. a5 c5 30. Be4 Bd5 31. Bxh7 Bc4 32. Rb2 Bd3 33. Bxd3 Rxd3 34. g3 Bh6
35. Ke2 Re3+ 36. Kf2 Red3 37. Ke2 c4 38. Bf2 Kf7 39. Bb6 R8d5 40. Bf2 f5 41. h4
g6 42. Bc5 e4 43. fxe4 fxe4 44. g4 Bf4 45. Bf2 Rh3 46. Rc2 e3 47. Bg1 Rg3 48.
Rc1 Rd3 49. Rf1 Rg2+ 50. Ke1 Ke6 51. g5 Bg3+ 0-1

[Event "Mistrzostwa Polski Juniorow do lat 16 - Chlopcy"]
[Site "Ustron – Jaszowiec"]
[Date "1899-12-30"]
[Round "6.15"]
[White "Marczak, Szymon"]
[Black "Polczyk, Mikolaj"]
[Result "0-1"]
[WhiteTitle "I"]
[BlackTitle "I"]
[WhiteElo "1839"]
[BlackElo "1889"]

1. e4 Nf6 2. Nc3 d5 3. exd5 Nxd5 4. Nf3 Bg4 5. h3 Bh5 6. d4 e6 7. Be2 Be7 8. O-O
Nc6 9. Re1 O-O 10. Nxd5 Qxd5 11. c3 Bf6 12. Bf4 Qa5 13. Qb3 Ne7 14. g4 Bg6 15.
g5 Nd5 16. Bd2 Be7 17. Ne5 Bf5 18. Rad1 Qb6 19. Qxb6 Nxb6 20. Bg4 Bxg4 21. Nxg4
Nc4 22. Bc1 c6 23. Ne5 Nxe5 24. Rxe5 Rfd8 25. Rde1 Rd5 26. Bf4 Rad8 27. b4 Bd6
28. Rxd5 cxd5 29. Bxd6 Rxd6 30. a4 Rc6 31. Rc1 h6 32. gxh6 gxh6 33. Kf1 b6 34.
Ke2 Kg7 35. Kd3 Rc4 36. Ra1 a5 37. Rb1 Kg6 38. Kd2 Kg5 39. Kc2 Kh4 40. bxa5 bxa5
41. Kb3 h5 42. Rh1 Rc6 43. Kc2 Rc4 44. Kb3 Rc6 45. Kc2 f5 46. Rh2 f4 47. Rh1 Rc4
48. Kb3 f3 49. Rg1 Kxh3 50. Rg3+ Kh4 51. Rxf3 Kg4 52. Rg3+ Kf4 53. Rh3 Kg5 54.
Rg3+ Kh6 55. Rg8 Rc7 56. Re8 Rc6 57. Rh8+ Kg5 58. Rg8+ Kf4 59. Rh8 Kg4 60. Rg8+
Kh3 61. Rg6 h4 62. f4 Rc8 63. Rxe6 Kg4 64. Rh6 Rb8+ 65. Kc2 Rf8 66. Kd3 Rxf4 67.
Rg6+ Kf3 68. c4 dxc4+ 69. Kxc4 h3 70. Rh6 Kg3 71. Rb6 h2 72. Rb1 Kg2 73. Kb5 Rf5+
74. Kc6 h1=Q 75. Rxh1 Kxh1 76. d5 Kg2 77. d6 Kf3 78. d7 Rf8 79. Kb6 Ke4 80. Kxa5
Kd5 81. Kb6 Kd6 82. a5 Kxd7 83. Kb7 Rf1 84. a6 Rb1+ 85. Ka8 Kc6 86. Ka7 Ra1 0-1

[Event "Mistrzostwa Polski Juniorow do lat 16 - Chlopcy"]
[Site "Ustron – Jaszowiec"]
[Date "1899-12-30"]
[Round "6.16"]
[White "Tustanowski, Mateusz"]
[Black "Paliwoda, Borys"]
[Result "1/2-1/2"]
[WhiteTitle "I++"]
[BlackTitle "II+"]
[WhiteElo "1880"]
[BlackElo "1819"]

1. e4 c5 2. Nc3 e6 3. f4 d5 4. Nf3 Nc6 5. Bb5 Nge7 6. exd5 exd5 7. Qe2 f6 8. O-O
Kf7 9. b3 a6 10. Bxc6 Nxc6 11. Bb2 Bf5 12. g4 Bc8 13. Rae1 Be7 14. Qg2 d4 15.
Ne4 Re8 16. Ba3 b6 17. Neg5+ Kg8 18. Ne5 fxe5 19. Qxc6 Bxg4 20. Rxe5 Bxg5 21.
Rxg5 Bh3 22. Rf3 Re1+ 23. Kf2 Rf1+ 24. Ke2 Qe8+ 25. Qxe8+ Rxe8+ 26. Re5 Rxe5+
27. fxe5 Rxf3 28. Kxf3 Kf7 29. b4 Ke6 30. bxc5 bxc5 31. Bxc5 Kxe5 32. Bf8 g6 33.
c3 dxc3 34. Bg7+ Kd5 35. Bxc3 Bc8 36. a4 h5 37. Kf4 Bh3 38. Ke3 Bf5 39. Kf4 Bh3
40. Ke3 Bf5 1/2-1/2

[Event "Mistrzostwa Polski Juniorow do lat 16 - Chlopcy"]
[Site "Ustron – Jaszowiec"]
[Date "1899-12-30"]
[Round "6.17"]
[White "Filewicz, Radoslaw"]
[Black "Laszczak, Przemyslaw"]
[Result "1/2-1/2"]
[WhiteTitle "I"]
[BlackTitle "I+"]
[WhiteElo "1850"]
[BlackElo "1944"]

1. d4 d5 2. Nf3 c6 3. g3 Bf5 4. Bg2 h6 5. Nbd2 Nf6 6. c3 Nbd7 7. O-O Qc7 8. Re1
e6 9. Nf1 Bd6 10. N3d2 O-O-O 11. Qa4 Kb8 12. e4 Nxe4 13. Nxe4 Bxe4 14. Bxe4 dxe4
15. Rxe4 g5 16. b4 Nf6 17. Re2 Be7 18. Qb3 Nd5 19. Bd2 Bf6 20. Rd1 h5 21. c4 Ne7
22. Bc3 h4 23. b5 hxg3 24. fxg3 Nf5 25. Red2 Nd6 26. bxc6 Qxc6 27. d5 Qc5+ 28.
Kg2 Bxc3 29. Qxc3 Qxc4 30. Qxc4 Nxc4 31. Rd4 exd5 32. Rxd5 Rxd5 33. Rxd5 Re8 34.
Rxg5 Re2+ 35. Kf3 Rxa2 36. h4 Nd6 37. h5 Rf2+ 38. Kxf2 Ne4+ 39. Ke3 Nxg5 40. Kf4
Nh7 41. Kf5 a5 42. g4 Kc7 43. g5 Nf8 44. Kf6 Nh7+ 45. Kxf7 Nxg5+ 46. Kg6 Ne6 47.
h6 Kd7 48. Kf6 Nf8 49. Kf7 Nh7 50. Kg6 Nf8+ 51. Kf7 Nh7 52. Kg6 Nf8+ 1/2-1/2

[Event "Mistrzostwa Polski Juniorow do lat 16 - Chlopcy"]
[Site "Ustron – Jaszowiec"]
[Date "1899-12-30"]
[Round "6.18"]
[White "Dytman, Radoslaw"]
[Black "Posluszny, Tomasz"]
[Result "0-1"]
[WhiteTitle "I"]
[BlackTitle "I"]
[WhiteElo "1521"]
[BlackElo "1798"]

1. e4 c5 2. Nf3 e6 3. d4 cxd4 4. Nxd4 Nf6 5. Nc3 Bb4 6. e5 Nd5 7. Bd2 Nxc3 8. bxc3
Be7 9. Bd3 d6 10. f4 dxe5 11. fxe5 Qd5 12. O-O Qxe5 13. Qf3 Bf6 14. Bb5+ Nd7 15.
Rae1 Qc5 16. Kh1 O-O 17. Bxd7 Bxd7 18. Qxb7 Rad8 19. Qe4 e5 20. Nb3 Qc6 21. Qxc6
Bxc6 22. Be3 Bb5 23. Rf2 a6 24. Na5 Rc8 25. Bd2 Bd8 26. Nb3 f6 27. Re4 Bb6 28.
Rf3 Bc6 29. Rb4 Bxf3 30. Rxb6 Rc6 31. Rb4 Bd1 32. Na5 Re6 33. Rb2 Rd8 34. Be3
f5 35. g3 Rf8 36. Bc5 Rfe8 37. Bb4 e4 38. Kg1 e3 39. Kf1 Rd8 40. c4 Bf3 41. Rb1
e2+ 42. Kf2 Rd1 0-1

[Event "Mistrzostwa Polski Juniorow do lat 16 - Chlopcy"]
[Site "Ustron – Jaszowiec"]
[Date "1899-12-30"]
[Round "6.19"]
[White "Namyslak, Piotr"]
[Black "Sloniewski, Michal"]
[Result "1/2-1/2"]
[WhiteTitle "I"]
[BlackTitle "I"]
[WhiteElo "1866"]
[BlackElo "1679"]

1. c4 c5 2. Nc3 Nc6 3. g3 g6 4. Bg2 Bg7 5. e4 Nf6 6. Nge2 O-O 7. O-O Rb8 8. d3
a6 9. f4 d6 10. Rb1 Bg4 11. h3 Bxe2 12. Nxe2 Qc7 13. g4 b5 14. b3 bxc4 15. dxc4
a5 16. Bb2 a4 17. g5 Nd7 18. Bxg7 Kxg7 19. bxa4 Rxb1 20. Qxb1 e5 21. Nc3 Nd4 22.
Nb5 Qb6 23. Nxd4 cxd4 24. Qb5 Qc7 25. fxe5 dxe5 26. c5 Nxc5 27. Rc1 Rc8 28. a5
d3 29. Bf3 Qd6 30. Qc4 Rc7 31. Qd5 Qe7 32. h4 Na6 33. Rxc7 Qxc7 34. Qb5 Qc1+ 35.
Kg2 Nc5 36. a6 Qa3 37. Qc4 Nxa6 38. Qb3 Qd6 39. Qd5 Qa3 40. Qxe5+ Kg8 41. Qd5
Nc5 42. h5 Ne6 43. Qb3 1/2-1/2

[Event "Mistrzostwa Polski Juniorow do lat 16 - Chlopcy"]
[Site "Ustron – Jaszowiec"]
[Date "1899-12-30"]
[Round "6.20"]
[White "Mietkiewicz, Jacek"]
[Black "Radecki, Adam"]
[Result "0-1"]
[WhiteTitle "I"]
[BlackTitle "I"]
[WhiteElo "1845"]
[BlackElo "1712"]

1. d4 Nf6 2. c4 c5 3. d5 b5 4. cxb5 a6 5. b6 e6 6. Nc3 Nxd5 7. Nxd5 exd5 8. Qxd5
Nc6 9. Nf3 Rb8 10. e4 Be7 11. Bc4 O-O 12. O-O Rxb6 13. Ng5 Qe8 14. f4 Nd4 15.
Be3 Bb7 16. Qxf7+ Rxf7 17. Bxf7+ Qxf7 18. Nxf7 Kxf7 19. Bxd4 cxd4 20. e5 Rxb2
21. Rfd1 Rxg2+ 22. Kf1 Rxh2 0-1

[Event "Mistrzostwa Polski Juniorow do lat 16 - Chlopcy"]
[Site "Ustron – Jaszowiec"]
[Date "1899-12-30"]
[Round "7.1"]
[White "Gumularz, Szymon"]
[Black "Szpar, Milosz"]
[Result "1/2-1/2"]
[WhiteTitle "I++"]
[BlackTitle "k"]
[WhiteElo "2394"]
[BlackElo "2237"]

1. e4 e5 2. Nf3 d6 3. d4 Nf6 4. Nc3 Nbd7 5. Bc4 Be7 6. O-O O-O 7. a4 c6 8. h3 b6
9. Qe2 Qc7 10. Rd1 a6 11. Be3 Bb7 12. dxe5 Nxe5 13. Ba2 b5 14. axb5 axb5 15. b4
Rfe8 16. Nd4 d5 17. f4 Bxb4 18. fxe5 Qxe5 19. Ncxb5 Ba6 20. Nxc6 Qxe4 21. Rd4
Bxb5 22. Rxe4 Bxe2 23. Rxe8+ Rxe8 24. Nxb4 Rxe3 25. Nxd5 Nxd5 26. Bxd5 Kf8 27.
Kf2 Re8 28. Ra7 Bh5 29. g4 Bg6 30. c4 Re7 31. Ra3 f6 32. Ra8+ Re8 33. Ra7 Re7
34. Ra3 h5 35. Rc3 hxg4 36. hxg4 Be4 37. Bxe4 Rxe4 38. Kf3 Rd4 39. c5 Ke7 40.
Ra3 Rc4 1/2-1/2

[Event "Mistrzostwa Polski Juniorow do lat 16 - Chlopcy"]
[Site "Ustron – Jaszowiec"]
[Date "1899-12-30"]
[Round "7.2"]
[White "Lis, Mateusz"]
[Black "Kosakowski, Jakub"]
[Result "0-1"]
[WhiteTitle "I+"]
[BlackTitle "k+"]
[WhiteElo "2022"]
[BlackElo "2376"]

1. e4 c5 2. Nf3 Nc6 3. d4 cxd4 4. Nxd4 Nf6 5. Nc3 e5 6. Ndb5 d6 7. Nd5 Nxd5 8.
exd5 Nb8 9. c4 a6 10. Nc3 Be7 11. Be3 O-O 12. Qd2 f5 13. f3 Nd7 14. Be2 b6 15.
Rc1 a5 16. O-O Nc5 17. f4 Bf6 18. b3 Re8 19. fxe5 Bxe5 20. Bf4 Bxc3 0-1